00302nam a2200121Ia 4500008004100000041000900041082002000050100001700070245003900087260003700126300000900163650000800172230718s9999 xx 000 0 und d aEng. a346.5404bSAN-T aSanjiva,Moin 0aTransfer of Property Act attachbad aPakistanbPakistan supremec1996 a1708 aLaw